<?xml version="1.0" encoding="UTF-8"?>
<collection xmlns:xsi="http://www.w3.org/2001/XMLSchema-instance" xsi:schemaLocation="http://www.loc.gov/MARC21/slim http://www.loc.gov/standards/marcxml/schema/MARC21slim.xsd" xmlns="http://www.loc.gov/MARC21/slim">
 <record>
  <leader>00000nam a22000004a 4500</leader>
  <controlfield tag="001">UP-1685954869149773117</controlfield>
  <controlfield tag="003">Buklod</controlfield>
  <controlfield tag="005">20240320122747.0</controlfield>
  <controlfield tag="006">m    |o  d |      </controlfield>
  <controlfield tag="007">ta</controlfield>
  <controlfield tag="008">240314s2024    xxu     rm   |||| u|eng d</controlfield>
  <datafield tag="040" ind1="0" ind2=" ">
   <subfield code="a">DCHE</subfield>
   <subfield code="e">rda</subfield>
  </datafield>
  <datafield tag="041" ind1="0" ind2=" ">
   <subfield code="a">eng</subfield>
  </datafield>
  <datafield tag="090" ind1=" " ind2=" ">
   <subfield code="a">LG 993.5 2024 F66</subfield>
   <subfield code="b">A26</subfield>
  </datafield>
  <datafield tag="100" ind1="1" ind2=" ">
   <subfield code="a">Acosta, Leila Sigrid A.</subfield>
   <subfield code="e">author.</subfield>
  </datafield>
  <datafield tag="245" ind1="1" ind2="0">
   <subfield code="a">Consumer knowledge, attitude, and perception toward microalgae as food in the Philippines</subfield>
   <subfield code="c">Leila Sigrid A. Acosta; Jin Mark DG Pagulayan, PFT, thesis adviser.</subfield>
  </datafield>
  <datafield tag="264" ind1=" " ind2="1">
   <subfield code="a">Quezon City</subfield>
   <subfield code="b">College of Home Economics, University of the PHilippines Diliman</subfield>
   <subfield code="c">[2024]</subfield>
  </datafield>
  <datafield tag="300" ind1=" " ind2=" ">
   <subfield code="a">xi, 71 leaves</subfield>
   <subfield code="b">illsutrations</subfield>
   <subfield code="c">28 cm.</subfield>
  </datafield>
  <datafield tag="336" ind1=" " ind2=" ">
   <subfield code="a">text</subfield>
   <subfield code="2">rdacontent</subfield>
  </datafield>
  <datafield tag="337" ind1=" " ind2=" ">
   <subfield code="a">unmediated</subfield>
   <subfield code="2">rdamedia</subfield>
  </datafield>
  <datafield tag="338" ind1=" " ind2=" ">
   <subfield code="a">volume</subfield>
   <subfield code="2">rdacarrier</subfield>
  </datafield>
  <datafield tag="502" ind1=" " ind2=" ">
   <subfield code="a">Thesis (Bachelor of Science in Food Technology) -- University of the Philippines Diliman</subfield>
   <subfield code="d">Februrary 2024.</subfield>
  </datafield>
  <datafield tag="504" ind1=" " ind2=" ">
   <subfield code="a">Bibliography: pages 39-53.</subfield>
  </datafield>
  <datafield tag="506" ind1="0" ind2=" ">
   <subfield code="a">Thesis classification: F</subfield>
  </datafield>
  <datafield tag="520" ind1="0" ind2=" ">
   <subfield code="a">While microalgae are considered to be great alternative food due to their nutritional composition and imparted benefits, there is an evident lack of available microalgae-containing products in the market. To better understand their application as&#13;
food in the Philippines, the study determined the Filipino consumers’ knowledge, attitude, and perception (KAP) towards the use of microalgae as food in the Philippines. A survey questionnaire was administered among 400 Filipino respondents composed of both male and female, aged 18-59 yrs old. Results showed that respondents had average knowledge about microalgae with mean scores being significantly different (p&lt;0.05) among various age groups, educational attainment, and household income. Majority of respondents strongly agreed that microalgae is innovative and interesting but the lack of available information about it deters consumers to be informed further. Factor analysis revealed that attitudes toward microalgae are influenced by perceived benefits, expected sensory quality of food, and food product information. Overall, the study showed that microalgae is positively perceived by Filipino consumers despite the lack of information available to the general public and that there is interest in these innovative products. Findings from this study could be used by government agencies and food manufacturing companies as a basis for the need of proper risk assessment and risk communication to inform consumers about the benefits of microalgae as food.</subfield>
  </datafield>
  <datafield tag="650" ind1=" " ind2="0">
   <subfield code="a">Microalgae</subfield>
   <subfield code="z">Philippines</subfield>
   <subfield code="x">Food.</subfield>
  </datafield>
  <datafield tag="650" ind1=" " ind2="0">
   <subfield code="a">Consumers</subfield>
   <subfield code="x">Attitudes.</subfield>
  </datafield>
  <datafield tag="700" ind1="1" ind2=" ">
   <subfield code="a">Pagulayan, Jin Mark DG</subfield>
   <subfield code="e">thesis adviser.</subfield>
  </datafield>
  <datafield tag="856" ind1=" " ind2=" ">
   <subfield code="y">Available for University of the Philippines Diliman via Digital Archives. Click here to access</subfield>
   <subfield code="u">https://digitalarchives.upd.edu.ph/item/61083/971/c7C4idIGkkmkl7gIhCciblF0</subfield>
  </datafield>
  <datafield tag="905" ind1=" " ind2=" ">
   <subfield code="a">FI</subfield>
  </datafield>
  <datafield tag="905" ind1=" " ind2=" ">
   <subfield code="a">UP</subfield>
  </datafield>
  <datafield tag="852" ind1="0" ind2=" ">
   <subfield code="a">UPD</subfield>
   <subfield code="b">DCHE</subfield>
   <subfield code="h">LG 993.5 2024 F66</subfield>
   <subfield code="i">A26</subfield>
  </datafield>
  <datafield tag="942" ind1=" " ind2=" ">
   <subfield code="a">Thesis</subfield>
  </datafield>
 </record>
</collection>
